U.S. City Flags Quiz #2 - Statistics

General Stats
  • This quiz has been taken 33 times
  • The average score is 10 of 20
Answer Stats
Picture Answer % Correct
Chicago
95%
Denver
90%
New Orleans
86%
Phoenix
86%
San Antonio
57%
Tulsa
57%
Pittsburgh
52%
Portland
52%
Salt Lake City
43%
Spokane
43%
Buffalo
38%
Omaha
38%
Cedar Rapids
33%
Reno
33%
St. Petersburg
29%
Topeka
29%
Durham
24%
Jackson
24%
Lexington
24%
Richmond
24%
No matching quizzes found
Score Distribution
Percent of People with Each Score
Percentile by Number Answered
Your Score History
You have not taken this quiz